| 000 | 00700cam a2200253 4500 | ||
|---|---|---|---|
| 008 | 090401t1998 xxu||||| |||| 00| 0 eng d | ||
| 020 | _a0854068783 | ||
| 035 | _a(Sirsi) u89078 | ||
| 041 | _aeng | ||
| 050 | _a333.10966 | ||
| 110 |
_aRoyal Institution of Chartered Surveyors _94900 |
||
| 245 | 4 | _aThe property rights question : the economics of urban land management in Sub-Saharan Africa. | |
| 260 |
_aLondon _bRICS _c1998 |
||
| 300 | _a16p. ; 30cm. | ||
| 350 | _a4.95 | ||
| 490 | _aRICS Foundation Our Common Estate Series | ||
| 650 | _aAFRICA | ||
| 650 | _aLAND | ||
| 650 | _aPROPERTY RIGHTS | ||
| 690 | _aLAND | ||
| 700 | _aAntwi, Adarkwah | ||
| 942 | _n0 | ||
| 948 | _c19/10/1998 | ||
| 999 |
_c97416 _d97416 |
||